|
|
|
|
| LEADER |
00000cam a2200000 7i4500 |
| 001 |
0000006033 |
| 002 |
000006520 |
| 005 |
20000330.0 |
| 020 |
|
|
|a 9679783391
|
| 090 |
0 |
0 |
|a 658.85
|b AUE
|
| 100 |
1 |
|
|a Auer, J.T
|
| 245 |
1 |
4 |
|a The Joy of selling :
|b a book of ideas opportunities and renewal
|c J.T. Auer
|
| 260 |
|
|
|a P.Jaya :
|b Pelanduk Publications ,
|c 1989
|
| 300 |
|
|
|a 161p. ;
|c 21cm.
|
| 650 |
0 |
0 |
|a Sales promotion
|
| 650 |
0 |
0 |
|a Selling
|
| 999 |
|
|
|a 020926
|b BUKU
|c PINJAMAN
|e PERPUSTAKAAN KOMUNITI PETALING JAYA
|
| 999 |
|
|
|a 020927
|b BUKU
|c PINJAMAN
|e PERPUSTAKAAN KOMUNITI PETALING JAYA
|
| 999 |
|
|
|a 023848
|b BUKU
|c PINJAMAN
|e PERPUSTAKAAN KOMUNITI PETALING JAYA
|
| 999 |
|
|
|a 037861
|b BUKU
|c PINJAMAN
|e PERPUSTAKAAN KOMUNITI PETALING JAYA
|